| 000 | 00923nam a22001577a 4500 | ||
|---|---|---|---|
| 003 | OSt | ||
| 005 | 20160316092648.0 | ||
| 008 | 160316b xxu||||| |||| 00| 0 eng d | ||
| 040 | _cRUA | ||
| 082 | _aAED EAN 2011 B471 Or.1 | ||
| 100 |
_97992 _aEANG CHANTHA ; អ៊ាង ចន្ថា |
||
| 245 | _aThe study on the household livelihood of self-help group of padek programe in krang svay commune, preah sdach district , preyveng province, ការសិក្សាអំពីកម្រិតជីវភាពប្រជាជនសមាជិកក្រុមជួយខ្លួនឯងតាមរយៈកម្មវិធីរបស់អង្គការប៉ាដិក ក្នុងឃុំក្រំាងស្វាយ ស្រុកព្រះស្ដេច ខេត្តព្រៃវែង | ||
| 260 |
_aPhnom Penh _bRUA _c2011 |
||
| 300 |
_ax ;56p. _bill. _c29cm. |
||
| 942 |
_2ddc _cAED |
||
| 999 |
_c7587 _d7587 |
||